Statistics for Famous blind people

Click here to take the quiz!

General Stats

  • This quiz has been taken 41 times
  • The average score is 4 of 13

Answer Stats

HintAnswer% Correct
Singer of "You are the sunshine of my life" and UN messenger of peaceStevie Wonder
92%
Writer of the Illiad and the OdysseyHomer
81%
"The high priest of soul music"Ray Charles
76%
American activist, lecturer, suffragist and first deafblind person to attain a bachelor of arts degreeHelen Keller
73%
Inventor of writing system for the blindLouis Braille
73%
Britain's first blind cabinet ministerDavid Blunkett
16%
Swiss mathematician, physicist and astronomerLeonhard Euler
14%
Ukrainian author of "How the Steel Was Tempered"Alexeevich Ostrovsky
0%
Most successful Paralympic athlete of all time (55 medals)Trischa Zorn
0%
British actor known as "The Incredible Orlando"Jack Birkett
0%
Firest blind person to climb Mount EverestErik Weihenmayer
0%
Blind "Servant of melody" saint in HindusimSurdas
0%
Spanish composer and virtuoso pianistJoaquín Rodrigo
0%

Score Distribution

Percentile by Number Answered

Percent of People with Each Score

Your Score History

You have not taken this quiz